Chinh phục những thế giới thần linh
Сохранить в:
| Главный автор: | |
|---|---|
| Формат: | |
| Опубликовано: |
Tp.HCM
Nxb Tp HCM
1987
|
| Предметы: | |
| Метки: |
Добавить метку
Нет меток, Требуется 1-ая метка записи!
|
| Thư viện lưu trữ: | Trung tâm Học liệu Lê Vũ Hùng, Trường Đại học Đồng Tháp |
|---|
| LEADER | 00737pam a22002418a 4500 | ||
|---|---|---|---|
| 001 | 00019289 | ||
| 005 | 20171026081022.0 | ||
| 008 | 110506s1987 ||||||Viesd | ||
| 041 | 0 | # | |a Vie |
| 082 | 1 | 4 | |a 500 |b CH312P |
| 100 | 0 | # | |a Đức Quang |
| 245 | 0 | 0 | |a Chinh phục những thế giới thần linh |c Đức Quang |
| 260 | # | # | |a Tp.HCM |b Nxb Tp HCM |c 1987 |
| 300 | # | # | |a 142 tr. |c 19 cm. |
| 650 | # | 4 | |a Mê tín dị đoan |
| 650 | # | 4 | |a Thần linh |
| 653 | # | # | |a Khoa học thường thức |
| 653 | # | # | |a Thủy văn |
| 653 | # | # | |a Vũ trụ |
| 852 | # | # | |b Kho đọc |j KD.0005267 |
| 852 | # | # | |j KD.0005267 |
| 910 | |d 06/05/2011 | ||
| 980 | # | # | |a Trung tâm Học liệu Lê Vũ Hùng, Trường Đại học Đồng Tháp |